000 00628nam a2200205 i 4500
001 62626
003 ES-MaACL
005 20230906164713.0
007 t|
008 031124s1977 sp ||||1| spa d
100 1 _aFernández Carvajal, Francisco.
_949556
245 1 3 _aEl Evangelio de San Mateo
_b: comentarios para la meditación y la predicación /
_cFrancisco Fernández Carvajal.
250 _a3ª ed.
260 _aMadrid :
_bPalabra,
_c[1977]
300 _a461 p. ;
_c18 cm.
490 1 _aCuadernos Palabra
830 0 _aCuadernos Palabra
_9181500
852 _aES-MaACL
_jA-7279
_bR.96213
999 _c62626
_d62626